KOHA-Header-6

Designing the User Interface (Record no. 6312)

000 -LEADER
fixed length control field 00267nam a2200109Ia 4500
100 ## - MAIN ENTRY--AUTHOR NAME
Personal name Ben Shneiderman
245 #0 - TITLE STATEMENT
Title Designing the User Interface
260 ## - PUBLICATION, DISTRIBUTION, ETC. (IMPRINT)
Place of publication USA
Name of publisher Addision-Wesley
Year of publication 2000
300 ## - PHYSICAL DESCRIPTION
Number of Pages 639
942 ## - ADDED ENTRY ELEMENTS (KOHA)
Koha item type Books
Holdings
Withdrawn status Lost status Collection code Permanent Location Current Location Shelving location Date acquired Full call number Accession Number Koha item type
    Electrical Engineering MAJU MAJU   2019-09-07 005.3 1392 Electrical Engineering

Powered by Koha